000 00309nam a22001217a 4500
008 160430b xxu||||| |||| 00| 0 eng d
020 _a9780323009980
020 _a0323009980
041 _aeng
080 _a618.2
245 _aCritical care nursing:
_cPamela L. Swearingen; Janet Hicks Keen;
942 _2udc
_cBK
999 _c1698
_d1698